<?xml version="1.0" encoding="UTF-8"?>
<record
    xmlns:xsi="http://www.w3.org/2001/XMLSchema-instance"
    xsi:schemaLocation="http://www.loc.gov/MARC21/slim http://www.loc.gov/standards/marcxml/schema/MARC21slim.xsd"
    xmlns="http://www.loc.gov/MARC21/slim">

  <leader>02209nam#a2200265   4500</leader>
  <controlfield tag="001">9786071520395</controlfield>
  <controlfield tag="003">VST</controlfield>
  <controlfield tag="005">20250425090631.0</controlfield>
  <controlfield tag="006">m     o  d        </controlfield>
  <controlfield tag="007">cr#un#---uucau</controlfield>
  <controlfield tag="008">230410s2023    MEX                     d</controlfield>
  <datafield tag="020" ind1=" " ind2=" ">
    <subfield code="a">9786071520395</subfield>
  </datafield>
  <datafield tag="040" ind1=" " ind2=" ">
    <subfield code="a">VST</subfield>
    <subfield code="c">VST</subfield>
    <subfield code="d">VST</subfield>
  </datafield>
  <datafield tag="100" ind1="1" ind2=" ">
    <subfield code="a">William P. Cunningham</subfield>
    <subfield code="e">author</subfield>
  </datafield>
  <datafield tag="245" ind1="1" ind2="0">
    <subfield code="a">Principios de ciencias ambientales, 10th Edition</subfield>
  </datafield>
  <datafield tag="250" ind1=" " ind2=" ">
    <subfield code="a">tenth edition</subfield>
  </datafield>
  <datafield tag="260" ind1=" " ind2=" ">
    <subfield code="a">Mexico :</subfield>
  </datafield>
  <datafield tag="264" ind1=" " ind2="1">
    <subfield code="a">Mexico :</subfield>
    <subfield code="b">McGraw-Hill Interamericana,</subfield>
    <subfield code="c">2023</subfield>
  </datafield>
  <datafield tag="300" ind1=" " ind2=" ">
    <subfield code="a">1 online resource</subfield>
  </datafield>
  <datafield tag="336" ind1=" " ind2=" ">
    <subfield code="a">text</subfield>
    <subfield code="b">txt</subfield>
    <subfield code="2">rdacontent</subfield>
  </datafield>
  <datafield tag="337" ind1=" " ind2=" ">
    <subfield code="a">computer</subfield>
    <subfield code="b">c</subfield>
    <subfield code="2">rdamedia</subfield>
  </datafield>
  <datafield tag="520" ind1=" " ind2=" ">
    <subfield code="a">El estudio de las ciencias ambientales implica el examen de los retos cr&#xED;ticos del cambio clim&#xE1;tico, la p&#xE9;rdida de la biodiversidad, la protecci&#xF3;n del agua potable, el crecimiento de la poblaci&#xF3;n, los sistemas alimentarios sostenibles y muchas otras preocupaciones. Ning&#xFA;n otro libro en el campo aborda la naturaleza polifac&#xE9;tica de las cuestiones ambientales, como la pol&#xED;tica clim&#xE1;tica, la sostenibilidad o el cambio de la poblaci&#xF3;n, con la minuciosidad de este libro. No s&#xF3;lo abordamos el cambio clim&#xE1;tico, sino tambi&#xE9;n la naturaleza de los sistemas clim&#xE1;ticos y meteorol&#xF3;gicos que influyen en nuestra experiencia cotidiana de las condiciones clim&#xE1;ticas. Exploramos tanto la escasez de alimentos como las nuevas causas del hambre -como los conflictos pol&#xED;ticos, los biocombustibles y el comercio mundial de productos b&#xE1;sicos-, as&#xED; como la relaci&#xF3;n entre la inseguridad alimenticia y la creciente pandemia de enfermedades relacionadas con la obesidad. En estos y en otros ejemplos, este libro es l&#xED;der en la cobertura en profundidad de temas clave.  Este libro integra una serie de oportunidades de aprendizaje -ejercicios de Aprendizaje activo, preguntas de Pensamiento cr&#xED;tico y discusi&#xF3;n, y ejercicios de An&#xE1;lisis de datos- que estimulan a los estudiantes a pensar por s&#xED; mismos. Los datos y las interpretaciones no se presentan como verdades inmutables, sino como pruebas que deben examinarse y comprobarse, como deber&#xED;a ser en el mundo real.</subfield>
  </datafield>
  <datafield tag="856" ind1="4" ind2="0">
    <subfield code="u">https://resolver.vitalsource.com/9786071520395</subfield>
  </datafield>
  <datafield tag="942" ind1=" " ind2=" ">
    <subfield code="c">RAA</subfield>
  </datafield>
  <datafield tag="952" ind1=" " ind2=" ">
    <subfield code="0">0</subfield>
    <subfield code="1">0</subfield>
    <subfield code="4">0</subfield>
    <subfield code="7">0</subfield>
    <subfield code="8">MGH</subfield>
    <subfield code="a">BD-UIN</subfield>
    <subfield code="b">BD-UIN</subfield>
    <subfield code="d">2025-04-25</subfield>
    <subfield code="l">0</subfield>
    <subfield code="r">2025-04-25</subfield>
    <subfield code="w">2025-04-25</subfield>
    <subfield code="y">RAA</subfield>
  </datafield>
  <datafield tag="999" ind1=" " ind2=" ">
    <subfield code="c">229111</subfield>
    <subfield code="d">229111</subfield>
  </datafield>
</record>
